000 00275nam a22001337a 4500
008 171102b xxu||||| |||| 00| 0 eng d
020 _a9781121872721
041 _aeng
080 _a339.9
100 _a59
101 _aGLO
245 _aGLOBAL
_cJAMES.P
942 _2udc
_cBK
999 _c37208
_d37208